000
00330nam a2200145Ia 4500
008
230718s9999 xx 000 0 und d
041
_a
Eng.
082
_a
467.8
_b
KRE-N
100
_a
Krechowiecka, Irene
245
0
_a
New that Course
260
_a
Pakistan
_b
briush press
_c
1937
300
_a
228
650
_a
Law
999
_c
26060
_d
26060